000 00322nam a22001337a 4500
020 _axxxxxxxxxx
082 _aREF 330.966701 HYM
100 _aHymer, Stephen H.
245 _aEconomic forms in Pre-colonial Ghana
260 _aNew Haven
_bYale university
_c1970
300 _a50
500 _aIncludes index
942 _cBK
999 _c13307
_d13307